000 00914nam a2200313 a 4500
003 AR-BaBNM
005 20251128203624.0
008 082120s2002 ||||||||||||||000 | spa||
040 _cAR-BaBNM
245 0 0 _aGeografía universal Larousse
_n2
260 _aParís
_bLarousse
_c1966
300 _ax, 416 p.
_bil., láms., mapas
500 _aLista de colaboradores p. ii-iii
504 _aBibliografía al final de cada capítulo
650 4 _aGEOGRAFIA MUNDIAL
650 4 _aGEOGRAFIA CULTURAL
650 4 _aGEOGRAFIA FISICA
650 4 _aGEOGRAFIA HUMANA
650 4 _aGEOGRAFIA FISICA
650 4 _aGEOGRAFIA ECONOMICA
650 4 _aGEOGRAFIA REGIONAL
651 4 _aAsia
651 4 _aAmérica Latina
700 1 _aDeffontaines, Pierre
_edirector
700 1 _aDelamarre, Mariel Jean-Brunhes
_ecolaborador
700 1 _aReguera Sierra, Ernesto
_etraductor
942 _cBK
998 _cMariana
999 _c4184
_d4184